=LDR 00000nam 2200000 4500 =001 INLIS000000000016769 =005 20190116033137 =035 ##$$a 0010-061300000016769 =008 190116###########################0###### =041 ##$$a Ind =082 ##$$a F Rom K =090 ##$$a F Rom K, Sal s =100 ##$$a Salsabila, Kak B =245 1#$$a Sahabat sejati piti, Kak B. Salsabila =260 ##$$a 2003 :$b Jakarta =300 ##$$a 24 hlm, ilus, 19 cm =650 ##$$a Fiksi anak-anak =850 ##$$a NBPNMAT